El gran libro de Android / (Record no. 8915)

MARC details
000 -LEADER
fixed length control field 02433nam a22002657a 4500
001 - CONTROL NUMBER
control field 451484
003 - CONTROL NUMBER IDENTIFIER
control field AR-FvUNAJ
005 - DATE AND TIME OF LATEST TRANSACTION
control field 20251006104409.0
008 - FIXED-LENGTH DATA ELEMENTS--GENERAL INFORMATION
fixed length control field 210303cr ||||| |||| 00| 0 spa d
020 ## - INTERNATIONAL STANDARD BOOK NUMBER
International Standard Book Number 9788426734655
040 ## - CATALOGING SOURCE
Original cataloging agency AR-FvUNAJ
Transcribing agency AR-FvUNAJ
100 1# - MAIN ENTRY--PERSONAL NAME
Personal name Gironés, Jesús Tomás
9 (RLIN) 17498
245 13 - TITLE STATEMENT
Title El gran libro de Android /
Statement of responsibility, etc Jesús Tomás Gironés, Jaime Lloret Mauri
250 ## - EDITION STATEMENT
Edition statement 9a.ed.
260 ## - PUBLICATION, DISTRIBUTION, ETC. (IMPRINT)
Place of publication, distribution, etc México, D.F. :
Name of publisher, distributor, etc Alfaomega,
Date of publication, distribution, etc 2022.
300 ## - PHYSICAL DESCRIPTION
Extent digital
520 ## - SUMMARY, ETC.
Summary, etc Android es la plataforma libre para el desarrollo de aplicaciones móviles creada por Google. En la actualidad se ha convertido en la plataforma líder frente a otras como iPhone o Windows Phone. Las aplicaciones Android están ampliando su rango de influencia a nuevos dispositivos, tales como tabletas, sistemas empotrados, Google Glass o Wearable. Este libro pretende ser una guía para aquellos lectores que quieran introducirse en la programación en Android. Todos los capítulos son descritos por medio de sencillos ejemplos, aumentando su nivel de complejidad a medida que avanzan los capítulos. La obra está recomendada tanto para usuarios con poca experiencia como para programadores experimentados. A lo largo del libro se desarrollan dos aplicaciones de ejemplo: el mítico videojuego Asteroides y una aplicación de gestión de información personal, Mis Lugares*. Se comienza con una versión sencilla, que se irá completando capítulo a capítulo, para que incluya: fragmentos*, gráficos vectoriales y en mapa de bits, control mediante pantalla táctil y sensores, hilos con AsyncTask*, notificaciones, geo-localización*, mapas, multimedia, ficheros, XML, SQL, acceso a Internet, servicios Web, acceso a bases de datos en servidor PHP + MySQL* Así cómo publicar en Google Play y añadir anuncios*. El libro propone un aprendizaje activo, con actividades, muchas a través de Internet: Vídeo[Tutorial]: Más de 80 videos elaborados por el autor. Ejercicio paso a paso: La mejor forma de aprender es practicando. Práctica: Para afianzar lo aprendido hay que practicar. Comprar, instalar y utilizar aplicaciones de la App Store.
650 #0 - SUBJECT ADDED ENTRY--TOPICAL TERM
9 (RLIN) 3574
Topical term or geographic name as entry element SISTEMAS OPERATIVOS
650 #0 - SUBJECT ADDED ENTRY--TOPICAL TERM
9 (RLIN) 14298
Topical term or geographic name as entry element ANDROID
653 ## - INDEX TERM--UNCONTROLLED
Uncontrolled term IIyA
797 ## - LOCAL ADDED ENTRY--CORPORATE NAME (RLIN)
Corporate name or jurisdiction name as entry element Bidi
856 ## - ELECTRONIC LOCATION AND ACCESS
Uniform Resource Identifier <a href="https://cin.ticmas.io/bidi/book/0d544c95-40e5-489b-8c59-67943ce56beb">https://cin.ticmas.io/bidi/book/0d544c95-40e5-489b-8c59-67943ce56beb</a>
942 ## - ADDED ENTRY ELEMENTS (KOHA)
Source of classification or shelving scheme Dewey Decimal Classification
Koha item type Libro electrónico
980 ## - EQUIVALENCE OR CROSS-REFERENCE-SERIES STATEMENT--PERSONAL NAME/TITLE [LOCAL, CANADA]
Field link and sequence number 2
Miscellaneous information Virginia Figueroa
Linkage 2
Personal name Virginia Figueroa
Holdings
Withdrawn status Lost status Source of classification or shelving scheme Damaged status Not for loan Collection code Home library Current library Date acquired Date last seen Uniform Resource Identifier Price effective from Koha item type
    Dewey Decimal Classification   Acceso BIDI(usuario y contraseña) BIDI Bibliotecas Digitales Bibliotecas Digitales 10/07/2023 10/07/2023 https://cin.ticmas.io/bidi/book/0d544c95-40e5-489b-8c59-67943ce56beb 10/07/2023 Libro electrónico

Lunes a Viernes 8:30 a 19:00 hs. Cerrado por mudanza
Av.Calchaqui 6200 Florencio Varela (CP188) 2°piso Edificio Mosconi Aula 209-210
Mail: bibliotecacentralunaj@gmail.com  
Whatsapp(54 9)1122668024    ❔Pregunte a la bibliotecaria
© Universidad Nacional Arturo Jauretche | Secretaría Académica | Biblioteca Central UNAJ